000 00428nam a22001337a 4500
999 _c8078
_d8079
008 190708b ||||| |||| 00| 0 eng d
082 _aPOL.SCI CAP NO.102
100 _aDema, Yeshi
245 _aMan`s Best Friend or Dangerous foe? Perceptions of stray and pet dogs in Bhutanese society (Thimphu and Paro).
260 _aThimphu ;
_bRoyal Thimphu College,
_c2019.
300 _a38 p.
_c30 cm.
650 _aCapstone
942 _2ddc